[Event "JUG Ch"]
[Site "Belgrade SCG"]
[Date "1978.??.??"]
[Round "?"]
[White "Matulovic, Milan"]
[Black "Ivanovic, Bozidar"]
[Result "0-1"]
[WhiteElo "2525"]
[BlackElo "2460"]
[PlyCount "72"]
[EventDate "1978.01.??"]
[Source "www.chesslib.no"]
[SourceDate "2004.05.04"]

1. e4 c5 2. Nf3 Nc6 3. d4 cxd4 4. Nxd4 Nf6 5. Nc3 d6 6. Bg5 e6 7. Qd2 a6 8. O-O-O Bd7 9. f4 Be7 10. Nb3 b5 11. Bxf6 gxf6 12. g3 Qb6 13. Bh3 O-O-O 14. f5 Kb8 15. fxe6 fxe6 16. Ne2 Ne5 17. Nbd4 Nc4 18. Qd3 f5 19. exf5 e5 20. Ne6 Rc8 21. Kb1 Bc6 22. Nc3 Qa5 23. Rhe1 Qb4 24. b3 Bb7 25. f6 Bxf6 26. Ne4 Na3+ 27. Kb2 Rxc2+ 28. Ka1 Rxh2 29. Nxf6 Nc4 30. Nd7+ Ka7 31. Nxe5 dxe5 32. Nc5 Rxa2+ 33. Kb1 Rb2+ 34. Kc1 Qa3 35. Bf5 Rd2+ 36. Kb1 Qb2# 0-1

[Event "Groningen op"]
[Site "Groningen"]
[Date "1995.??.??"]
[Round "?"]
[White "Tseitlin, Mark D"]
[Black "Meins, Gerlef"]
[Result "1/2-1/2"]
[WhiteElo "2545"]
[BlackElo "2440"]
[PlyCount "134"]
[EventDate "1995.12.??"]
[Source "ChessBase"]

1. e4 c5 2. Nf3 Nc6 3. d4 cxd4 4. Nxd4 Nf6 5. Nc3 d6 6. Bg5 e6 7. Qd2 a6 8. O-O-O Bd7 9. f4 Be7 10. Kb1 h6 11. Bxf6 Bxf6 12. Nf3 Be7 13. h4 Qa5 14. Qf2 Bf6 15. e5 dxe5 16. Ne4 Be7 17. fxe5 Nxe5 18. Qg3 Nxf3 19. gxf3 g6 20. Qf4 Bc6 21. Bd3 e5 22. Qg3 O-O-O 23. h5 g5 24. Nd2 Qc7 25. Nc4 f6 26. Ne3 Rd4 27. Be4 Bxe4 28. fxe4 Rxe4 29. Nd5 Qd6 30. Qf3 Rd4 31. Rxd4 exd4 32. Re1 Bd8 33. Qf5+ Qd7 34. Re6 Kb8 35. Nxf6 Bxf6 36. Qxf6 Rd8 37. Qe5+ Ka8 38. Qe4 Qb5 39. b3 d3 40. cxd3 Qxd3+ 41. Qxd3 Rxd3 42. Rxh6 Rh3 43. Kc2 g4 44. Kd2 Ka7 45. b4 Rh2+ 46. Ke3 Rxa2 47. Kf4 Rb2 48. Rg6 Rxb4+ 49. Kg3 Rc4 50. h6 Rc8 51. h7 Rh8 52. Rh6 a5 53. Kxg4 a4 54. Kf5 b5 55. Ke4 a3 56. Kd4 a2 57. Rh1 Kb6 58. Ra1 Rxh7 59. Rxa2 Rc7 60. Kd3 b4 61. Rc2 Rh7 62. Kc4 Rh4+ 63. Kb3 Kb5 64. Rc8 Rh3+ 65. Kb2 Rh2+ 66. Kb3 Rh3+ 67. Kb2 Rh2+ 1/2-1/2

[Event "Hannover"]
[Site "Hannover"]
[Date "1991.??.??"]
[Round "6"]
[White "Unzicker, Wolfgang"]
[Black "Tischbierek, Raj"]
[Result "0-1"]
[WhiteElo "2480"]
[BlackElo "2500"]
[PlyCount "80"]
[EventDate "1991.03.??"]
[Source "ChessBase"]

1. e4 c5 2. Nf3 d6 3. d4 cxd4 4. Nxd4 Nf6 5. Nc3 Nc6 6. Bg5 e6 7. Qd2 a6 8. O-O-O Bd7 9. f4 Be7 10. Nf3 b5 11. Bd3 h6 12. Bh4 g5 13. fxg5 Ng4 14. g3 Nge5 15. Nxe5 Nxe5 16. g6 Nxg6 17. Bxe7 Qxe7 18. Bf1 Qg5 19. Qxg5 hxg5 20. Rxd6 Ke7 21. Rd4 Ne5 22. Bg2 g4 23. a4 Rh6 24. axb5 axb5 25. h4 gxh3 26. Rxh3 Rxh3 27. Bxh3 Nc6 28. Rd1 b4 29. Ne2 Ne5 30. Kb1 Rg8 31. g4 Bc6 32. Rd4 Nxg4 33. Bxg4 Rxg4 34. e5 Rg5 35. Rxb4 Rxe5 36. Nd4 Re1+ 37. Ka2 Be4 38. c4 f5 39. Rb6 e5 40. Nb5 f4 0-1

[Event "Espoo zt"]
[Site "Espoo"]
[Date "1989.??.??"]
[Round "?"]
[White "Arnason, Jon L"]
[Black "Yrjola, Jouni"]
[Result "0-1"]
[WhiteElo "2520"]
[BlackElo "2460"]
[PlyCount "102"]
[EventDate "1989.07.??"]
[Source "ChessBase"]

1. e4 c5 2. Nf3 d6 3. d4 cxd4 4. Nxd4 Nf6 5. Nc3 Nc6 6. Bg5 e6 7. Qd2 a6 8. O-O-O Bd7 9. f4 Be7 10. Nf3 b5 11. e5 b4 12. exf6 bxc3 13. Qxc3 gxf6 14. Bh4 d5 15. f5 Nb4 16. Kb1 Rc8 17. Qb3 Qa5 18. c3 Ba4 19. cxb4 Bxb4 20. Qe3 Bc2+ 21. Ka1 Bxd1 22. Bxf6 Bxf3 23. Bxh8 d4 24. Bb5+ Qxb5 25. Qxf3 e5 26. Qg3 Bd6 27. Re1 Kd7 28. Bf6 d3 29. Qg7 Qd5 30. Bg5 e4 31. Qf6 Re8 32. Qc3 Be5 33. Qa3 d2 34. Qa4+ Qc6 35. Qxc6+ Kxc6 36. Bxd2 Bd4 37. Be3 Bxe3 38. Rxe3 Kd5 39. Kb1 Rc8 40. Re1 Kd4 41. b4 e3 42. Kb2 Kd3 43. Rd1+ Ke2 44. Rd7 Kf2 45. Rxf7 Re8 46. Rc7 e2 47. Rc1 Kxg2 48. a4 e1=Q 49. Rxe1 Rxe1 50. b5 axb5 51. a5 Rf1 0-1

[Event "Dresden zt"]
[Site "Dresden"]
[Date "1998.??.??"]
[Round "8"]
[White "Gallagher, Joseph G"]
[Black "Stanec, Nikolaus"]
[Result "1-0"]
[WhiteElo "2490"]
[BlackElo "2485"]
[PlyCount "119"]
[EventDate "1998.04.28"]
[Source "ChessBase"]
[SourceDate "1998.08.06"]

1. e4 c5 2. Nf3 Nc6 3. d4 cxd4 4. Nxd4 Nf6 5. Nc3 d6 6. Bg5 e6 7. Qd2 Be7 8. O-O-O a6 9. f4 Bd7 10. Nf3 b5 11. a3 b4 12. axb4 Nxb4 13. Bc4 Rc8 14. Bb3 a5 15. Qd4 O-O 16. e5 Nfd5 17. exd6 Bxg5 18. Nxg5 Nxc3 19. bxc3 Nd5 20. Bxd5 exd5 21. Qxd5 Rxc3 22. Rhe1 Qf6 23. Qe5 Rfc8 24. Re2 Qg6 25. Ne4 R3c4 26. Rd3 f6 27. Qd5+ Qf7 28. Nxf6+ gxf6 29. Rg3+ Kf8 30. Qxf7+ Kxf7 31. Re7+ Kf8 32. Rxd7 Rxc2+ 33. Kb1 R2c4 34. Rb7 Rxf4 35. Rgg7 Rb4+ 36. Rxb4 axb4 37. Rxh7 Kg8 38. Rc7 Rd8 39. d7 Kf7 40. Kb2 Ke7 41. Kb3 f5 42. g3 Ke6 43. Kxb4 Kd6 44. Ra7 Rb8+ 45. Kc3 Ke7 46. Kd4 f4 47. Ke4 fxg3 48. hxg3 Rb4+ 49. Kf5 Rb5+ 50. Kg6 Rb4 51. Kg5 Rb5+ 52. Kh4 Rd5 53. Kg4 Kf6 54. Kf4 Rd4+ 55. Ke3 Rd1 56. Ke4 Ke6 57. g4 Kf6 58. g5+ Ke6 59. g6 Kf6 60. g7 1-0

[Event "Berliner Sommer"]
[Site "Berlin GER"]
[Date "1993.??.??"]
[Round "3"]
[White "Gofshtein, Zeev-Alon"]
[Black "Meins, Gerlef"]
[Result "1-0"]
[WhiteElo "2540"]
[BlackElo "2430"]
[PlyCount "81"]
[EventDate "1993.08.??"]
[Source "www.chesslib.no"]
[SourceDate "2004.05.04"]

1. e4 c5 2. Nf3 Nc6 3. d4 cxd4 4. Nxd4 Nf6 5. Nc3 d6 6. Bg5 e6 7. Qd2 a6 8. O-O-O Bd7 9. f4 Be7 10. Nf3 b5 11. Bd3 b4 12. Ne2 Qc7 13. Ng3 a5 14. Bxf6 gxf6 15. Kb1 a4 16. f5 Na5 17. fxe6 fxe6 18. Nd4 Qc5 19. Be2 Nc4 20. Qh6 Kd8 21. e5 Na3+ 22. bxa3 bxa3 23. exd6 Bxd6 24. Kc1 Qb4 25. Nxe6+ Bxe6 26. Rxd6+ Qxd6 27. Rd1 Bd5 28. Bf3 Ra5 29. Bxd5 Rxd5 30. Rxd5 Qxd5 31. Qxf6+ Kd7 32. Qxh8 Qg5+ 33. Kd1 Qd5+ 34. Ke2 Qxa2 35. Qd4+ Kc7 36. Qc3+ Kd7 37. Ne4 Qe6 38. Qd4+ Ke8 39. Qxa4+ Kf7 40. Kd2 Qd5+ 41. Ke3 1-0

[Event "Midwest Masters Open"]
[Site "Chicago, IL USA"]
[Date "1989.??.??"]
[Round "4"]
[White "Gufeld, Eduard E"]
[Black "Gurevich, Dmitry B"]
[Result "1/2-1/2"]
[WhiteElo "2490"]
[BlackElo "2480"]
[PlyCount "100"]
[EventDate "1989.??.??"]
[Source "www.chesslib.no"]
[SourceDate "2004.05.04"]

1. e4 c5 2. Nf3 d6 3. d4 cxd4 4. Nxd4 Nf6 5. Nc3 Nc6 6. Bg5 e6 7. Qd2 a6 8. O-O-O Bd7 9. f4 Be7 10. Nf3 b5 11. Bd3 h6 12. Bh4 g5 13. fxg5 Nh7 14. g6 Bxh4 15. Nxh4 Qxh4 16. gxh7 Qg5 17. Qxg5 hxg5 18. h4 g4 19. Be2 Ke7 20. Bxg4 Rxh7 21. Rh2 Ne5 22. Bf3 Rg8 23. h5 Bc6 24. a3 Rg5 25. Rdh1 Rh6 26. Rh4 f5 27. b3 Nxf3 28. gxf3 fxe4 29. fxe4 Be8 30. Ne2 Rhxh5 31. Rxh5 Bxh5 32. Nf4 Bf7 33. Kd2 Rg4 34. Ke3 Rg3+ 35. Kd2 Rf3 36. Nd3 Bg6 37. Re1 Rg3 38. Re2 a5 39. Nf4 Bh7 40. e5 Bf5 41. exd6+ Kxd6 42. Nd3 Rg4 43. Ne5 Rd4+ 44. Kc3 Rd5 45. Nf7+ Ke7 46. Ne5 Kf6 47. Nd3 e5 48. Nf2 Kg5 49. b4 axb4+ 50. axb4 Kf4 1/2-1/2

[Event "Berlin"]
[Site "?"]
[Date "1993.??.??"]
[Round "?"]
[White "Gofshtein, L."]
[Black "Meins, G."]
[Result "1-0"]
[WhiteElo "2540"]
[BlackElo "2430"]
[PlyCount "81"]
[EventDate "1993.??.??"]
[Source "ChessBase"]
[SourceDate "1993.10.01"]

1. e4 c5 2. Nf3 Nc6 3. d4 cxd4 4. Nxd4 Nf6 5. Nc3 d6 6. Bg5 e6 7. Qd2 a6 8. O-O-O Bd7 9. f4 Be7 10. Nf3 b5 11. Bd3 b4 12. Ne2 Qc7 13. Ng3 a5 14. Bxf6 gxf6 15. Kb1 a4 16. f5 Na5 17. fxe6 fxe6 18. Nd4 Qc5 19. Be2 Nc4 20. Qh6 Kd8 21. e5 Na3+ 22. bxa3 bxa3 23. exd6 Bxd6 24. Kc1 Qb4 25. Nxe6+ Bxe6 26. Rxd6+ Qxd6 27. Rd1 Bd5 28. Bf3 Ra5 29. Bxd5 Rxd5 30. Rxd5 Qxd5 31. Qxf6+ Kd7 32. Qxh8 Qg5+ 33. Kd1 Qd5+ 34. Ke2 Qxa2 35. Qd4+ Kc7 36. Qc3+ Kd7 37. Ne4 Qe6 38. Qd4+ Ke8 39. Qxa4+ Ke7 40. Kd3 Qd5+ 41. Ke3 1-0

[Event "Linares Anibal op"]
[Site "Linares"]
[Date "1999.01.15"]
[Round "8"]
[White "Garcia Martinez, Silvino"]
[Black "Bagaturov, Giorgi"]
[Result "0-1"]
[WhiteElo "2420"]
[BlackElo "2540"]
[PlyCount "108"]
[EventDate "1999.01.??"]
[Source "ChessBase"]
[SourceDate "1999.03.01"]

1. e4 c5 2. Nf3 Nc6 3. d4 cxd4 4. Nxd4 Nf6 5. Nc3 d6 6. Bg5 e6 7. Qd2 a6 8. O-O-O Bd7 9. f4 Be7 10. Kb1 Nxd4 11. Qxd4 Bc6 12. Be2 O-O 13. Rd3 Qa5 14. Rg3 e5 15. Qe3 exf4 16. Qxf4 Qe5 17. Rf1 Qxf4 18. Rxf4 Kh8 19. a3 Rae8 20. Rgf3 h6 21. Bxf6 Bxf6 22. Bc4 Bxc3 23. Rxc3 Rxe4 24. Rf1 Rh4 25. g3 Rxh2 26. Rxf7 Rxf7 27. Bxf7 Rf2 28. Bh5 Rf5 29. Bg4 Rg5 30. Bc8 g6 31. b4 Re5 32. Kb2 Re8 33. Bh3 Kg7 34. Bf1 Kf6 35. Bxa6 Kg5 36. Bd3 Re3 37. b5 Bd5 38. Rc7 Rxg3 39. Rd7 Re3 40. Rxd6 Be6 41. a4 Bf5 42. a5 Re7 43. c4 h5 44. Bxf5 gxf5 45. Rb6 h4 46. a6 bxa6 47. Rxa6 h3 48. b6 f4 49. Ra1 f3 50. c5 f2 51. Rf1 h2 52. c6 Re1 53. b7 Rxf1 54. b8=Q h1=Q 0-1

[Event "Palma de Mallorca Open"]
[Site "Palma de Majorca ESP"]
[Date "1992.??.??"]
[Round "8"]
[White "Sanchez Almeyra, Jorge"]
[Black "Tukmakov, Vladimir B"]
[Result "0-1"]
[WhiteElo "2425"]
[BlackElo "2535"]
[PlyCount "75"]
[EventDate "1992.04.??"]
[Source "www.chesslib.no"]
[SourceDate "2004.05.04"]

1. e4 c5 2. Nf3 d6 3. d4 cxd4 4. Nxd4 Nf6 5. Nc3 Nc6 6. Bg5 e6 7. Qd2 a6 8. O-O-O Bd7 9. f4 Be7 10. Be2 O-O 11. Nf3 Qa5 12. e5 dxe5 13. Bxf6 Bxf6 14. Qxd7 exf4 15. Qd2 Nb4 16. Bc4 Rac8 17. Bb3 Rxc3 18. bxc3 Bxc3 19. Qxc3 Nxa2+ 20. Bxa2 Qxc3 21. Kb1 Qc7 22. Rd2 Rd8 23. Rhd1 Rxd2 24. Rxd2 h6 25. h4 Kf8 26. Bb3 Ke7 27. Rd4 b5 28. c4 Qc5 29. Kb2 g5 30. hxg5 hxg5 31. Kc3 a5 32. Re4 a4 33. Bc2 b4+ 34. Kd2 b3 35. Bd3 a3 36. Kc3 Qa5+ 37. Kxb3 a2 38. Nd4 0-1

[Event "GMC"]
[Site "Wijk aan Zee"]
[Date "2004.01.22"]
[Round "10"]
[White "Pavlovic, Milos"]
[Black "Werle, Jan"]
[Result "1/2-1/2"]
[WhiteElo "2548"]
[BlackElo "2407"]
[PlyCount "82"]
[EventDate "2004.01.10"]
[Source "Roberto Alvarez"]
[SourceDate "2004.01.26"]

1. e4 c5 2. Nf3 d6 3. d4 cxd4 4. Nxd4 Nf6 5. Nc3 Nc6 6. Bg5 e6 7. Qd2 a6 8. O-O-O Bd7 9. f4 Be7 10. Nb3 Qc7 11. Be2 O-O-O 12. Kb1 Kb8 13. Rhf1 Bc8 14. Qe1 Nd7 15. Bxe7 Nxe7 16. Rf3 Nb6 17. Rfd3 d5 18. g3 dxe4 19. Nxe4 Rxd3 20. Rxd3 Ned5 21. Nec5 Rd8 22. Bf3 Rd6 23. Rd4 Nf6 24. Qe5 Rxd4 25. Qxd4 Nbd7 26. a4 Nxc5 27. Nxc5 b6 28. Nd3 a5 29. Ne5 Bb7 30. Bxb7 Kxb7 31. b3 h6 32. Kb2 Nd5 33. Nd3 f6 34. c4 Ne7 35. c5 Nf5 36. Qc4 Qc6 37. Ka3 Ne3 38. Qc1 Nd5 39. Qc4 Ne3 40. Qc1 Nd5 41. Qc4 Ne3 1/2-1/2

[Event "Leningrad Ch"]
[Site "Leningrad RUS"]
[Date "1981.??.??"]
[Round "?"]
[White "Tseitlin, Mark D"]
[Black "Lukin, Andrei M"]
[Result "0-1"]
[WhiteElo "2495"]
[BlackElo "2460"]
[PlyCount "81"]
[EventDate "1981.??.??"]
[Source "www.chesslib.no"]
[SourceDate "2004.05.04"]

1. e4 c5 2. Nf3 d6 3. d4 cxd4 4. Nxd4 Nf6 5. Nc3 Nc6 6. Bg5 e6 7. Qd2 a6 8. O-O-O Bd7 9. f4 Be7 10. Nf3 b5 11. Bd3 Qc7 12. Rhe1 b4 13. Ne2 a5 14. Kb1 h6 15. Bh4 a4 16. Ned4 O-O 17. Nb5 Qb8 18. e5 dxe5 19. Nxe5 Be8 20. Qe2 Nd5 21. Nxc6 Bxc6 22. Bxe7 Nxe7 23. Nd4 Bd5 24. Qg4 Qb6 25. f5 exf5 26. Nxf5 Ng6 27. h4 a3 28. Nxh6+ gxh6 29. Bxg6 Bxa2+ 30. Kxa2 Qxg6 31. Qxg6+ fxg6 32. Rd6 Rf2 33. Rxg6+ Kf7 34. Rc6 Rxg2 35. Re4 b3+ 36. cxb3 Rxb2+ 37. Ka1 Rg8 38. Rc1 Rgg2 39. Rf1+ Kg6 40. h5+ Kxh5 41. Re5+ 0-1

[Event "Corr"]
[Site "?"]
[Date "2002.06.15"]
[Round "?"]
[White "Kolcak Marek"]
[Black "Poleshchuk Nikolai Nikolaevic"]
[Result "1/2-1/2"]
[WhiteElo "2519"]
[BlackElo "2428"]
[PlyCount "63"]
[EventDate "2002.??.??"]
[Source "www.chesslib.no"]
[SourceDate "2004.05.04"]

1. e4 c5 2. Nf3 d6 3. d4 cxd4 4. Nxd4 Nf6 5. Nc3 Nc6 6. Bg5 e6 7. Qd2 a6 8. O-O-O Bd7 9. f4 Be7 10. Nf3 b5 11. e5 b4 12. exf6 bxc3 13. Qxc3 gxf6 14. Bh4 d5 15. Kb1 Na5 16. Nd4 Qb6 17. Bf2 Rc8 18. Qg3 Bc5 19. c3 Rb8 20. Rd2 Ke7 21. Bd3 Nc6 22. Nb3 Bxf2 23. Qxf2 Qxf2 24. Rxf2 a5 25. Rd1 Kd6 26. Bc2 Rhc8 27. c4 Nb4 28. cxd5 exd5 29. Nd4 Bg4 30. Rdd2 Nxc2 31. Rxc2 Rb4 32. Rxc8 1/2-1/2

[Event "Bundesliga 9899"]
[Site "Germany"]
[Date "1998.12.12"]
[Round "5.4"]
[White "Holzke, Frank"]
[Black "Tischbierek, Raj"]
[Result "1/2-1/2"]
[WhiteElo "2410"]
[BlackElo "2525"]
[PlyCount "129"]
[EventDate "1998.10.17"]
[Source "ChessBase"]
[SourceDate "1999.07.01"]

1. e4 c5 2. Nf3 d6 3. d4 cxd4 4. Nxd4 Nf6 5. Nc3 Nc6 6. Bg5 e6 7. Qd2 a6 8. O-O-O Bd7 9. f4 Be7 10. Nf3 b5 11. e5 b4 12. exf6 bxc3 13. Qxc3 gxf6 14. Bh4 d5 15. Kb1 Rc8 16. Nd4 Ne5 17. Qg3 Ng6 18. f5 Nxh4 19. fxe6 fxe6 20. Qxh4 Qb6 21. Qh5+ Kd8 22. g3 Ba3 23. Nb3 Bd6 24. Bh3 Be5 25. Rhe1 Qc7 26. c3 Be8 27. Qe2 Ke7 28. Nd4 Rb8 29. Bxe6 Qxc3 30. Bxd5 Bh5 31. Nc6+ Qxc6 32. Bxc6 Bxe2 33. Rxe2 Rhd8 34. Rxd8 Rxd8 35. Ba4 h5 36. Bc2 Rd4 37. Re4 Rd2 38. Rh4 Rf2 39. Kc1 Rf1+ 40. Bd1 Rf2 41. Bc2 Rf1+ 42. Kd2 Rf2+ 43. Kd3 Bxb2 44. Rxh5 Be5 45. Rh7+ Ke6 46. Bb3+ Kf5 47. Ke3 Kg6 48. Rh8 Rb2 49. h4 Kg7 50. Rg8+ Kh7 51. Rg4 a5 52. h5 Kh6 53. Rg6+ Kh7 54. g4 a4 55. Bg8+ Kh8 56. Be6 Rb8 57. h6 a3 58. Rg7 f5 59. Rg5 Bb2 60. Kf3 fxg4+ 61. Kxg4 Rb6 62. Rg6 Kh7 63. Bf5 Rxg6+ 64. Kh5 Bc1 65. Bxg6+ 1/2-1/2

[Event "Reykjavik op"]
[Site "Reykjavik"]
[Date "1990.??.??"]
[Round "11"]
[White "Thorhallsson, Throstur"]
[Black "Hellers, Ferdinand"]
[Result "1/2-1/2"]
[WhiteElo "2405"]
[BlackElo "2525"]
[PlyCount "40"]
[EventDate "1990.03.??"]
[Source "ChessBase"]

1. e4 c5 2. Nf3 d6 3. d4 cxd4 4. Nxd4 Nf6 5. Nc3 Nc6 6. Bg5 e6 7. Qd2 a6 8. O-O-O Bd7 9. f4 Be7 10. Be2 O-O 11. Nf3 Ne8 12. Bxe7 Qxe7 13. e5 d5 14. f5 Nc7 15. Qf4 exf5 16. Nxd5 Nxd5 17. Rxd5 Be6 18. Rd6 h6 19. Rhd1 Rae8 20. Bd3 Bc8 1/2-1/2

[Event "FRG-ch int"]
[Site "Mannheim"]
[Date "1975.??.??"]
[Round "10"]
[White "Westerinen, Heikki MJ"]
[Black "Dueball, Juergen"]
[Result "1-0"]
[WhiteElo "2475"]
[BlackElo "2455"]
[PlyCount "109"]
[EventDate "1975.??.??"]
[Source "ChessBase"]

1. e4 c5 2. Nf3 d6 3. d4 cxd4 4. Nxd4 Nf6 5. Nc3 Nc6 6. Bg5 Bd7 7. Qd2 a6 8. O-O-O e6 9. f4 Be7 10. Qe1 Qa5 11. Nf3 Rc8 12. Kb1 b5 13. e5 dxe5 14. fxe5 Nd5 15. Nxd5 Qxe1 16. Rxe1 exd5 17. Bd3 Bxg5 18. Nxg5 h6 19. e6 fxe6 20. Nxe6 Bxe6 21. Bf5 Ne7 22. Bxe6 Rd8 23. Re5 Rf8 24. Rhe1 Ng6 25. R5e3 d4 26. Ra3 Rf6 27. Bc8+ Kf8 28. Bb7 Rdd6 29. Kc1 Nf4 30. Kd2 b4 31. Rf3 Kf7 32. g3 Ne6 33. Re5 Rxf3 34. Bxf3 Ng5 35. Bg2 Kf6 36. Ra5 Ke7 37. Kd3 Rf6 38. Re5+ Kd6 39. Rd5+ Ke7 40. Re5+ Kf8 41. Bd5 Rf1 42. Kxd4 Rf2 43. h4 Nf7 44. Re3 Rd2+ 45. Rd3 Rxc2 46. Rf3 Rc7 47. Rxf7+ Rxf7 48. Bxf7 Kxf7 49. Kc4 Kf6 50. Kxb4 Kf5 51. Ka5 g5 52. Kxa6 Kg4 53. b4 Kxg3 54. hxg5 hxg5 55. b5 1-0

[Event "Bangalore"]
[Site "Bangalore"]
[Date "1981.??.??"]
[Round "10"]
[White "Torre, Eugenio"]
[Black "Handoko, Edhi"]
[Result "1/2-1/2"]
[WhiteElo "2525"]
[BlackElo "2405"]
[PlyCount "53"]
[EventDate "1981.07.??"]
[Source "ChessBase"]

1. e4 c5 2. Nf3 Nc6 3. d4 cxd4 4. Nxd4 Nf6 5. Nc3 d6 6. Bg5 e6 7. Qd2 Be7 8. O-O-O a6 9. f4 Bd7 10. Nf3 Qc7 11. e5 dxe5 12. fxe5 Nd5 13. Nxd5 exd5 14. Bxe7 Nxe7 15. Bd3 Rc8 16. Qg5 Ng6 17. Rhe1 O-O 18. Kb1 Qc5 19. Qe3 Qxe3 20. Rxe3 Nf4 21. g3 Nxd3 22. Rdxd3 Bf5 23. Rc3 Be4 24. Nd4 Rfe8 25. Rxc8 Rxc8 26. Rc3 Rxc3 27. bxc3 1/2-1/2

[Event "New York State Ch"]
[Site "New York, NY USA"]
[Date "1991.??.??"]
[Round "4"]
[White "Ashley, Maurice"]
[Black "Fedorowicz, John P"]
[Result "0-1"]
[WhiteElo "2370"]
[BlackElo "2555"]
[PlyCount "96"]
[EventDate "1991.??.??"]
[Source "www.chesslib.no"]
[SourceDate "2004.05.04"]

1. e4 c5 2. Nf3 d6 3. d4 cxd4 4. Nxd4 Nf6 5. Nc3 Nc6 6. Bg5 e6 7. Qd2 a6 8. O-O-O Bd7 9. f4 Be7 10. Nf3 b5 11. Bd3 b4 12. Ne2 h6 13. Bh4 g5 14. fxg5 Ng4 15. Rhf1 Qb6 16. g6 fxg6 17. e5 Ncxe5 18. Nxe5 Nxe5 19. Bf6 Bxf6 20. Rxf6 Ke7 21. Rdf1 Qc5 22. Be4 Rag8 23. Nd4 Nc4 24. Rf7+ Ke8 25. Bc6 Bxc6 26. Nxc6 Qxc6 27. Qxb4 Qb5 28. Qc3 Rf8 29. Rxf8+ Rxf8 30. Rxf8+ Kxf8 31. Qf6+ Ke8 32. Qxg6+ Kd7 33. b3 Ne5 34. Qxh6 Qf1+ 35. Kb2 Qxg2 36. Qh7+ Ke8 37. Qa7 Nd3+ 38. Kc3 Nc5 39. Qb8+ Ke7 40. Qh8 Qg6 41. b4 Ne4+ 42. Kb3 e5 43. Qb8 Qf7+ 44. c4 Qf3+ 45. Ka4 Nc3+ 46. Ka5 Qc6 47. Qa7+ Ke6 48. Qxa6 Qxa6+ 0-1

[Event "Wch U26"]
[Site "Antwerp"]
[Date "1992.??.??"]
[Round "8"]
[White "Gdanski, Jacek"]
[Black "San Segundo Carrillo, Pablo"]
[Result "0-1"]
[WhiteElo "2500"]
[BlackElo "2425"]
[PlyCount "60"]
[EventDate "1992.??.??"]
[Source "ChessBase"]

1. e4 c5 2. Nf3 d6 3. d4 cxd4 4. Nxd4 Nf6 5. Nc3 Nc6 6. Bg5 e6 7. Qd2 a6 8. O-O-O Bd7 9. f4 Be7 10. Nf3 b5 11. e5 b4 12. exf6 bxc3 13. Qxc3 gxf6 14. Kb1 d5 15. Bh4 a5 16. f5 Rc8 17. Qe3 a4 18. fxe6 fxe6 19. Bb5 a3 20. Qh6 Qb6 21. Bxf6 Bxf6 22. Rxd5 Rf8 23. Qh5+ Kd8 24. Rd3 Kc7 25. Rxd7+ Kxd7 26. Qxh7+ Ke8 27. Qh5+ Ke7 28. Nh4 Ne5 29. Rf1 Qd4 30. bxa3 Qxh4 0-1

[Event "SAIZ"]
[Site "?"]
[Date "1993.??.??"]
[Round "?"]
[White "Aldama, D."]
[Black "Gonzalez, JC."]
[Result "1/2-1/2"]
[WhiteElo "2460"]
[BlackElo "2465"]
[PlyCount "20"]
[EventDate "1993.??.??"]
[Source "www.chesslib.no"]
[SourceDate "2004.05.04"]

1. e4 c5 2. Nf3 d6 3. d4 cxd4 4. Nxd4 Nf6 5. Nc3 a6 6. Bg5 Nc6 7. f4 e6 8. Qd2 Bd7 9. O-O-O Be7 10. Nb3 b5 1/2-1/2

[Event "Bayamo"]
[Site "Bayamo"]
[Date "1980.??.??"]
[Round "?"]
[White "Armas, Jorge"]
[Black "Garcia Gonzales, Guillermo"]
[Result "0-1"]
[WhiteElo "2415"]
[BlackElo "2505"]
[PlyCount "72"]
[EventDate "1980.??.??"]
[Source "www.chesslib.no"]
[SourceDate "2004.05.04"]

1. e4 c5 2. Nf3 d6 3. d4 cxd4 4. Nxd4 Nf6 5. Nc3 Nc6 6. Bg5 e6 7. Qd2 a6 8. O-O-O Bd7 9. f4 Be7 10. Nf3 b5 11. Bd3 b4 12. Ne2 Qb6 13. h3 O-O 14. g4 a5 15. f5 b3 16. cxb3 Nb4 17. Nc3 a4 18. Be3 Qb7 19. a3 axb3 20. Kb1 Na2 21. Nd4 Rfc8 22. Nde2 Bc6 23. Bg5 Nxc3+ 24. Nxc3 Bxe4 25. Bxf6 Bxd3+ 26. Qxd3 Bxf6 27. Ne4 Be5 28. Nxd6 Rc2 29. Nc4 Bf6 30. Rhe1 h6 31. fxe6 fxe6 32. Rc1 Rd8 33. Qe3 Rc8 34. Qxe6+ Kh8 35. Rxc2 bxc2+ 36. Kc1 Rxc4 0-1

[Event "Beograd"]
[Site "?"]
[Date "1988.??.??"]
[Round "?"]
[White "Riemersma, L."]
[Black "Arnason, J."]
[Result "0-1"]
[WhiteElo "2380"]
[BlackElo "2535"]
[PlyCount "90"]
[EventDate "1988.??.??"]
[Source "ChessBase"]
[SourceDate "1988.07.01"]

1. e4 c5 2. Nf3 d6 3. d4 cxd4 4. Nxd4 Nf6 5. Nc3 a6 6. Bg5 Nc6 7. Qd2 e6 8. O-O-O Bd7 9. f4 Be7 10. Kb1 h6 11. Bh4 O-O 12. Nf3 Qa5 13. g4 b5 14. Bxf6 gxf6 15. Bd3 Rfc8 16. h4 Nb4 17. a3 Nxd3 18. cxd3 b4 19. axb4 Qxb4 20. Nd5 Qxd2 21. Nxe7+ Kf8 22. Rxd2 Kxe7 23. f5 Rg8 24. Rg1 Rg7 25. Rf2 Rag8 26. Nh2 Bb5 27. Kc2 e5 28. Kd2 Rc8 29. Ke3 Kd7 30. Nf1 Rc1 31. Rgg2 Rg8 32. Nd2 Re1+ 33. Re2 Rh1 34. g5 Rh3+ 35. Nf3 hxg5 36. hxg5 fxg5 37. Rh2 Rgh8 38. Rxh3 Rxh3 39. Rh2 g4 40. Rxh3 gxh3 41. f6 a5 42. d4 exd4+ 43. Kxd4 Be2 44. Nh2 Ke6 45. Ke3 Bh5 0-1

[Event "Budapest FS06 GM"]
[Site "Budapest"]
[Date "1998.06.18"]
[Round "13"]
[White "Hatanbaatar, Bazar"]
[Black "Csom, Istvan"]
[Result "1/2-1/2"]
[WhiteElo "2445"]
[BlackElo "2460"]
[PlyCount "25"]
[EventDate "1998.06.??"]
[Source "www.chesslib.no"]
[SourceDate "2004.05.04"]

1. e4 c5 2. Nf3 d6 3. d4 cxd4 4. Nxd4 Nf6 5. Nc3 Nc6 6. Bg5 e6 7. Qd2 a6 8. O-O-O Bd7 9. f4 Be7 10. Bc4 b5 11. Bb3 Nxd4 12. Qxd4 Bc6 13. Rhe1 1/2-1/2

[Event "Bundesliga 9091"]
[Site "Germany"]
[Date "1991.??.??"]
[Round "?"]
[White "Haba, Petr"]
[Black "Hausner, Ivan"]
[Result "1-0"]
[WhiteElo "2440"]
[BlackElo "2460"]
[PlyCount "47"]
[EventDate "1990.10.??"]
[Source "ChessBase"]
[SourceDate "1999.07.01"]

1. e4 c5 2. Nf3 d6 3. d4 cxd4 4. Nxd4 Nf6 5. Nc3 Nc6 6. Bg5 e6 7. Qd2 a6 8. O-O-O Bd7 9. f4 Be7 10. Nf3 b5 11. e5 b4 12. exf6 bxc3 13. Qxc3 gxf6 14. Bh6 d5 15. a3 Na5 16. Nd4 Rg8 17. f5 Rc8 18. Qf3 e5 19. Ne6 Qb6 20. Qxd5 Ba4 21. Bd3 fxe6 22. fxe6 Rg6 23. Qe4 Nc6 24. Qxg6+ 1-0

[Event "Kostic mem"]
[Site "?"]
[Date "1977.??.??"]
[Round "4"]
[White "Torre Eugenio"]
[Black "Kapelan Milorad"]
[Result "1/2-1/2"]
[WhiteElo "2550"]
[BlackElo "2340"]
[PlyCount "54"]
[EventDate "1977.??.??"]
[Source "www.chesslib.no"]
[SourceDate "2004.05.04"]

1. e4 c5 2. Nf3 Nc6 3. d4 cxd4 4. Nxd4 Nf6 5. Nc3 d6 6. Bg5 e6 7. Qd2 a6 8. O-O-O Bd7 9. Qe1 Be7 10. f4 Qc7 11. Nf3 O-O-O 12. Kb1 h6 13. Bh4 Nh5 14. Bxe7 Nxe7 15. e5 Bc6 16. exd6 Rxd6 17. Rxd6 Qxd6 18. Ne5 Rf8 19. Qf2 g5 20. Nxc6 Nxc6 21. fxg5 hxg5 22. Bxa6 bxa6 23. Qe2 Nf4 24. Qxa6+ Kb8 25. Qb6+ Kc8 26. Qa6+ Kb8 27. Qb6+ Kc8 1/2-1/2

[Event "Spring Open"]
[Site "Budapest HUN"]
[Date "1991.??.??"]
[Round "3"]
[White "Feher, Gyula"]
[Black "Ionov, Sergey"]
[Result "1/2-1/2"]
[WhiteElo "2375"]
[BlackElo "2515"]
[PlyCount "72"]
[EventDate "1991.03.??"]
[Source "www.chesslib.no"]
[SourceDate "2004.05.04"]

1. e4 c5 2. Nf3 Nc6 3. d4 cxd4 4. Nxd4 Nf6 5. Nc3 d6 6. Bg5 e6 7. Qd2 a6 8. O-O-O Bd7 9. f4 Be7 10. Nf3 b5 11. e5 b4 12. exf6 bxc3 13. Qxc3 gxf6 14. Bh4 d5 15. Nd4 Qa5 16. Qxa5 Nxa5 17. Be2 f5 18. Be1 Nb7 19. c4 dxc4 20. Bf3 O-O-O 21. Kb1 Bb5 22. Bc3 Rhg8 23. Nc6 Bxc6 24. Bxc6 Kc7 25. Bf3 Kb6 26. g3 Rxd1+ 27. Rxd1 Rd8 28. Rc1 Nc5 29. Bh5 f6 30. Bb4 Kb5 31. Bxc5 Bxc5 32. Be2 Rd4 33. Rxc4 Rxc4 34. b3 Bg1 35. Bxc4+ Kb6 36. Bxe6 Bxh2 1/2-1/2